[Event "I Miedzynarodowy Memorial Ireny Warakomskiej - Open A"]
[Site "Suwalki"]
[Date "2017-08-16"]
[Round "7.6"]
[White "Jakubowski, Krzysztof"]
[Black "Sandipan, Chanda "]
[Result "1-0"]
[WhiteTitle ""]
[BlackTitle ""]
[WhiteElo "2515"]
[BlackElo "2568"]

1. e4 g6 2. d4 Bg7 3. Nf3 d6 4. Bc4 Nf6 5. Qe2 O-O 6. e5 dxe5 7. dxe5 Nd5 8. O-O
Bg4 9. Rd1 e6 10. Nbd2 Nc6 11. h3 Nd4 12. Qe4 Nxf3+ 13. Nxf3 Bxf3 14. Qxf3 c6
15. Qe4 b5 16. Bf1 Nc3 17. Rxd8 Nxe4 18. Rd4 Nc5 19. f4 f6 20. Rd6 fxe5 21. Rxc6
exf4 22. c3 Ne4 23. Rxe6 Ng3 24. Bxb5 Rad8 25. Re1 g5 26. Kh2 Rf5 27. a4 Re5 28.
Be3 fxe3 29. Kxg3 h5 30. Rad1 Rf8 31. Rf1 Rb8 32. Be2 Re7 33. Rf5 Rxb2 34. Rd8+
Kh7 35. Bd3 Rd2 36. Rf1+ Rxd3 37. Rxd3 Re4 38. Kf3 Rf4+ 39. Ke2 Rxa4 40. Kxe3
Be5 41. Rf5 Bf4+ 42. Kf3 Kg6 43. g4 hxg4+ 44. hxg4 Rc4 45. Ra5 Rc7 46. Ra6+ Kg7
47. Ke2 Re7+ 48. Kd1 Rc7 49. Kc2 Be5 50. Ra5 Bf6 51. Rf3 Be7 52. Raf5 Bd8 53.
Rd5 Bf6 54. Rd6 Be5 55. Re6 Bf4 56. Rh3 Rd7 57. Rd3 Rc7 58. Rd5 Kf7 59. Rh6 Kg7
60. Ra6 Re7 61. c4 Kf7 62. Kb3 Rb7+ 63. Ka4 Ke7 64. Rh6 Kf8 65. c5 Ke7 66. c6
Rc7 67. Kb5 1-0

[Event "I Miedzynarodowy Memorial Ireny Warakomskiej - Open A"]
[Site "Suwalki"]
[Date "2017-08-16"]
[Round "7.7"]
[White "Markowski, Tomasz"]
[Black "Gleizerov, Evgeny"]
[Result "1/2-1/2"]
[WhiteTitle ""]
[BlackTitle ""]
[WhiteElo "2552"]
[BlackElo "2519"]

1. c4 e5 2. g3 Nc6 3. Nc3 g6 4. Bg2 Bg7 5. d3 d6 6. e3 Nf6 7. Nge2 O-O 8. O-O Be6
9. e4 Nh5 10. Nd5 Qd7 11. Be3 Nd4 12. Bxd4 exd4 13. Ndf4 Nxf4 14. Nxf4 Rab8 15.
Nxe6 fxe6 16. b3 e5 17. b4 Bh6 18. Qc2 c5 19. bxc5 dxc5 20. Qe2 Rf6 21. Bf3 Rbf8
22. Bg4 Qc7 23. Rab1 Kg7 24. Kg2 Rb6 25. Rxb6 Qxb6 26. Qc2 Qa5 27. Qb3 Qb4 28.
Rb1 Qd2 29. Bf3 b6 30. Qd1 Qxd1 31. Bxd1 Rf6 32. Bg4 Bd2 33. Kf1 h5 34. Bc8 Kf8
35. Ke2 Bh6 36. a4 a5 37. h4 1/2-1/2

[Event "I Miedzynarodowy Memorial Ireny Warakomskiej - Open A"]
[Site "Suwalki"]
[Date "2017-08-16"]
[Round "7.8"]
[White "Warakomski, Tomasz "]
[Black "Stoma, Pawel "]
[Result "1-0"]
[WhiteTitle ""]
[BlackTitle ""]
[WhiteElo "2536"]
[BlackElo "2348"]

1. e4 d6 2. f4 Nf6 3. d3 g6 4. Nf3 Bg7 5. Be2 c5 6. O-O Nc6 7. c3 b5 8. a3 Nd7
9. d4 cxd4 10. cxd4 Qb6 11. Be3 Nf6 12. Nc3 a6 13. Kh1 O-O 14. Bg1 Na5 15. Nd2
Bb7 16. d5 Qc7 17. Rc1 Rac8 18. b4 Nc4 19. Bxc4 bxc4 20. Na4 e6 21. Rxc4 Qe7 22.
Rxc8 Rxc8 23. Bd4 exd5 24. Nb6 Re8 25. Bxf6 Qxf6 26. exd5 Qd8 27. Ndc4 Re4 28.
f5 g5 29. Re1 Rxe1+ 30. Qxe1 Bd4 31. Qd2 Bxb6 32. Nxb6 Qxb6 33. Qxg5+ Kf8 34.
f6 Qd4 35. Qg7+ Ke8 36. Qg8+ Kd7 37. Qxf7+ Kc8 38. Qe8+ Kc7 39. Qe7+ Kc8 40. h3
Qd1+ 41. Kh2 Qxd5 42. Qf8+ Kd7 43. Qg7+ Ke8 44. Qe7# 1-0

[Event "I Miedzynarodowy Memorial Ireny Warakomskiej - Open A"]
[Site "Suwalki"]
[Date "2017-08-16"]
[Round "7.9"]
[White "Bilguun, Sumiya"]
[Black "Mihok, Oliver"]
[Result "1/2-1/2"]
[WhiteTitle ""]
[BlackTitle ""]
[WhiteElo "2443"]
[BlackElo "2534"]

1. e4 c5 2. Nf3 e6 3. d4 cxd4 4. Nxd4 Nc6 5. Nc3 Qc7 6. g3 a6 7. Bg2 Nf6 8. O-O
d6 9. Re1 Nd7 10. a4 Be7 11. Nxc6 bxc6 12. Bf4 O-O 13. Qd2 Ne5 14. b3 Rd8 15.
a5 Bf6 16. Na4 Bb7 17. Nb6 Rab8 18. Rad1 c5 19. h3 h6 20. g4 g5 21. Bg3 Qe7 22.
Kh1 Qf8 23. Re2 Ng6 24. Nc4 d5 25. Bxb8 dxc4 26. Bd6 Be7 27. e5 Bxg2+ 28. Kxg2
Nf4+ 29. Kf1 Nxe2 30. Kxe2 cxb3 31. cxb3 Qe8 32. Qc3 Qb5+ 33. Ke1 Bxd6 34. exd6
Qc6 35. Qd3 Rd7 36. Kf1 1/2-1/2

[Event "I Miedzynarodowy Memorial Ireny Warakomskiej - Open A"]
[Site "Suwalki"]
[Date "2017-08-16"]
[Round "7.10"]
[White "Kanarek, Marcel"]
[Black "Plichta, Kamil "]
[Result "1/2-1/2"]
[WhiteTitle ""]
[BlackTitle ""]
[WhiteElo "2530"]
[BlackElo "2341"]

1. e4 e5 2. Nf3 Nc6 3. d4 exd4 4. Bc4 Nf6 5. O-O Nxe4 6. Re1 d5 7. Bxd5 Qxd5 8.
Nc3 Qd7 9. Nxe4 Be7 10. Bg5 O-O 11. Bxe7 Qxe7 12. Nxd4 Nxd4 13. Qxd4 Rd8 14. Nc5
Qf8 15. Qe5 b6 16. Ne4 c5 17. Rad1 h6 18. Nd6 Bg4 19. f3 Bh5 20. Nf5 Bg6 21. Ne7+
Kh7 22. c4 Rxd1 23. Rxd1 f6 24. Nxg6 fxe5 25. Nxf8+ Rxf8 26. Rd7 Rf4 27. b3 a5
28. Re7 Rd4 29. Rxe5 Rd2 30. Re6 a4 31. bxa4 Rxa2 32. Rxb6 Rxa4 33. Rc6 Rxc4 1/2-1/2

[Event "I Miedzynarodowy Memorial Ireny Warakomskiej - Open A"]
[Site "Suwalki"]
[Date "2017-08-16"]
[Round "7.11"]
[White "Ulybin, Mikhail"]
[Black "Almasi, Istvan "]
[Result "1-0"]
[WhiteTitle ""]
[BlackTitle ""]
[WhiteElo "2518"]
[BlackElo "2408"]

1. c4 Nf6 2. d4 e6 3. g3 c5 4. d5 exd5 5. cxd5 g6 6. Nc3 d6 7. Nf3 Bg7 8. Bg2 O-O
9. O-O Re8 10. Re1 a6 11. a4 Ne4 12. Nxe4 Rxe4 13. Nd2 Rb4 14. Ra2 c4 15. Ne4
Bf5 16. Bg5 Qb6 17. a5 Qd4 18. Qxd4 Bxd4 19. Nxd6 Bxb2 20. Rxb2 Rxb2 21. Nxc4
Rb5 22. Nb6 Ra7 23. e4 Bg4 24. h3 Nd7 25. hxg4 Nxb6 26. axb6 Ra8 27. e5 a5 28.
d6 a4 29. Bxb7 Rb8 30. d7 a3 31. Bc8 1-0

[Event "I Miedzynarodowy Memorial Ireny Warakomskiej - Open A"]
[Site "Suwalki"]
[Date "2017-08-16"]
[Round "7.12"]
[White "Kashlinskaya, Alina"]
[Black "Vetoshko, Volodymyr"]
[Result "1/2-1/2"]
[WhiteTitle ""]
[BlackTitle ""]
[WhiteElo "2440"]
[BlackElo "2517"]

1. d4 Nf6 2. c4 e6 3. Nf3 c5 4. d5 b5 5. dxe6 fxe6 6. cxb5 d5 7. e3 Bd6 8. Be2
O-O 9. O-O Qe7 10. Nbd2 Bb7 11. b3 Nbd7 12. Bb2 Rad8 13. Qc2 Kh8 14. Bd3 Bb8 15.
Rad1 Qe8 16. h3 Qh5 17. Rfe1 Qh6 18. Qb1 Nh5 19. Bxh7 Qxh7 20. Qxh7+ Kxh7 21.
Ng5+ Kg8 22. Nxe6 Nhf6 23. Nb1 Rc8 24. Nxf8 Kxf8 25. Nc3 Kf7 26. Re2 Nf8 27. Red2
Ne6 28. f3 d4 29. exd4 Bf4 30. d5 Nd4 31. Rd3 Re8 32. Kh1 Nh5 33. Ne4 Bxd5 34.
Bxd4 cxd4 35. Rxd4 Bxe4 36. Rd7+ Ke6 37. fxe4 Ng3+ 38. Kg1 Be3+ 39. Kh2 Nf1+ 40.
Kh1 Ng3+ 41. Kh2 Nf1+ 42. Kh1 Ng3+ 1/2-1/2

[Event "I Miedzynarodowy Memorial Ireny Warakomskiej - Open A"]
[Site "Suwalki"]
[Date "2017-08-16"]
[Round "7.13"]
[White "Krzyzanowski, Marcin "]
[Black "Koziol, Kamil"]
[Result "1-0"]
[WhiteTitle ""]
[BlackTitle ""]
[WhiteElo "2464"]
[BlackElo "2321"]

1. c4 Nf6 2. g3 e6 3. Bg2 d5 4. Nf3 dxc4 5. Qa4+ Bd7 6. Qxc4 c5 7. Ne5 Qc8 8. Nc3
Nc6 9. Nxd7 Qxd7 10. O-O Be7 11. d3 Rc8 12. Qa4 O-O 13. Bg5 Rfd8 14. Rac1 b6 15.
Rfd1 h6 16. Bd2 Nd4 17. Qxd7 Rxd7 18. Be1 g5 19. Kf1 Kg7 20. e3 Nc6 21. d4 Nb8
22. dxc5 Rxc5 23. Ke2 Rxd1 24. Rxd1 Kg6 25. f4 gxf4 26. exf4 e5 27. b4 Rc8 28.
fxe5 Bxb4 29. Ne4 Bxe1 30. Nxf6 Bc3 31. Rc1 Rc5 32. Ne4 Rxe5 33. Rxc3 f5 34. Ra3
a6 35. Rd3 a5 36. Rd6+ Kf7 37. Rxb6 Nd7 38. Rb7 Ke8 39. Rb5 fxe4 40. Rxe5+ Nxe5
41. Bxe4 Ke7 42. h3 Kd6 43. Ke3 Kc5 44. g4 a4 45. Bf5 a3 46. h4 Kd6 47. Ke4 Nc6
48. Bh7 Ke6 49. Bg8+ Kf6 50. Bb3 Ne7 51. Bd1 Ng6 52. h5 Ne7 53. Kd4 Kg5 54. Kc4
Kf4 55. Kb3 Nd5 56. Be2 Nf6 57. Kxa3 Ke3 58. Bd1 Kd2 59. Bf3 Ke3 60. Bd1 Kd2 61.
Bb3 Nxg4 62. Kb4 Ne5 63. Kc5 Nd7+ 64. Kd6 Nf6 65. Bf7 Kc3 66. Ke5 Nd7+ 67. Kf5
Kd4 68. Kg6 Ke5 69. Bb3 Nc5 70. Kxh6 Kf6 71. Kh7 1-0

[Event "I Miedzynarodowy Memorial Ireny Warakomskiej - Open A"]
[Site "Suwalki"]
[Date "2017-08-16"]
[Round "7.14"]
[White "Mulet, Piotr "]
[Black "Jarmula, Lukasz"]
[Result "1/2-1/2"]
[WhiteTitle ""]
[BlackTitle ""]
[WhiteElo "2295"]
[BlackElo "2457"]

1. c4 e5 2. Nc3 Nf6 3. g3 c6 4. d4 exd4 5. Qxd4 d5 6. Bg2 dxc4 7. Qxd8+ Kxd8 8.
Nf3 Be6 9. Ng5 Bc5 10. Nxe6+ fxe6 11. Bg5 Nbd7 12. Bh3 Ke7 13. O-O-O h6 14. Bxf6+
Nxf6 15. e3 Rhf8 16. Kc2 Bb4 17. Ne2 e5 18. Rhf1 Rad8 19. a3 Ba5 20. Bf5 g6 21.
Bxg6 Ng4 22. Nc3 Bxc3 23. Rxd8 Kxd8 24. Kxc3 b5 25. Be4 Kc7 26. f3 Nf6 27. Bg6
e4 28. Kd2 Kd6 29. Ke2 exf3+ 30. Rxf3 Ke5 31. Rf5+ Ke6 32. Rf4 Rg8 33. Bc2 Rg5
34. e4 Ng4 35. h3 Ne5 36. g4 Rg8 37. b4 Rd8 38. Rf5 c3 39. Bb3+ Nc4 40. Bxc4+
bxc4 41. Rf1 Rd3 42. Rd1 c2 43. Rc1 Rxh3 44. Kd2 Ke5 45. Kxc2 Rxa3 46. Rh1 Kd4
47. Rd1+ Rd3 48. Rh1 Rc3+ 49. Kb2 Rg3 50. Rd1+ Rd3 51. Re1 Rd2+ 52. Kc1 c3 53.
e5 Kc4 54. e6 Kb3 55. e7 Ra2 56. Kd1 Ra1+ 57. Ke2 Rxe1+ 58. Kxe1 c2 59. e8=Q c1=Q+
60. Ke2 Qc2+ 61. Kf3 Qc3+ 62. Kf2 Kxb4 63. Qb8+ Kc4 64. Qg8+ Kb4 65. Qb8+ Ka3
66. Qxa7+ Kb2 67. Kg2 Qd2+ 68. Kh3 Qc3+ 69. Kg2 c5 70. Qb6+ Qb4 71. Qe6 Qd2+ 72.
Kh3 Qg5 73. Qe2+ Kc3 74. Qe1+ Kd3 75. Qf1+ Kd4 76. Qd1+ Ke4 77. Qc2+ Kd4 78. Qb2+
1/2-1/2

[Event "I Miedzynarodowy Memorial Ireny Warakomskiej - Open A"]
[Site "Suwalki"]
[Date "2017-08-16"]
[Round "7.15"]
[White "Barski, Radoslaw "]
[Black "Sagar, Shah"]
[Result "1/2-1/2"]
[WhiteTitle ""]
[BlackTitle ""]
[WhiteElo "2444"]
[BlackElo "2397"]

1. e4 c6 2. d4 d5 3. e5 Bf5 4. Nd2 e6 5. Nb3 Nd7 6. Nf3 Bg6 7. Be2 Nh6 8. O-O Nf5
9. Bd2 Be7 10. g4 Nh4 11. Nxh4 Bxh4 12. f4 f5 13. c4 Be7 14. cxd5 cxd5 15. Rc1
O-O 16. g5 Rc8 17. Rxc8 Qxc8 18. Qb1 Nb6 19. Rc1 Nc4 20. Qc2 b5 21. Na5 Qe8 22.
b3 Nxa5 23. Bxa5 Ba3 24. Rd1 Bh5 25. Rd3 b4 26. Bc7 Bxe2 27. Qxe2 Qc6 28. Bd6
Rc8 1/2-1/2

[Event "I Miedzynarodowy Memorial Ireny Warakomskiej - Open A"]
[Site "Suwalki"]
[Date "2017-08-16"]
[Round "7.16"]
[White "Bugalski, Michal "]
[Black "Zawadzka, Jolanta"]
[Result "1/2-1/2"]
[WhiteTitle ""]
[BlackTitle ""]
[WhiteElo "2250"]
[BlackElo "2420"]

1. e4 c5 2. c3 Nf6 3. e5 Nd5 4. d4 cxd4 5. Nf3 Nc6 6. cxd4 d6 7. Bc4 dxe5 8. dxe5
Ndb4 9. Qb3 e6 10. O-O Na5 11. Bb5+ Bd7 12. Qa4 Bxb5 13. Qxb5+ Nac6 14. Nc3 a6
15. Qc4 Qd3 16. Qg4 Qg6 17. Qxg6 hxg6 18. Rd1 Ne7 19. Bg5 Ned5 20. a3 Nxc3 21.
bxc3 Nc6 22. a4 Be7 23. Rab1 Bxg5 24. Nxg5 Rb8 25. f4 Ke7 26. Ne4 Rhc8 27. Rb6
Na5 28. Rdb1 Rc4 29. R6b4 Rc7 30. Rb6 Rd8 31. Nd6 Rdd7 32. h3 f6 33. h4 fxe5 34.
fxe5 Nc6 35. Rxb7 Nxe5 36. Rxc7 Rxc7 37. Ne4 Rc4 38. Rb7+ Nd7 39. Rb4 Rc7 40.
Kf2 Nf6 41. Nxf6 gxf6 42. Rb6 Rxc3 43. Rxa6 f5 44. g3 Kf6 45. Ra5 Ra3 46. Kg2
e5 47. Ra6+ Kg7 48. a5 Kh6 49. Ra8 Kh5 50. Kh3 g5 51. Rh8+ Kg6 52. Rg8+ Kf7 53.
Rxg5 Kf6 54. Rg8 Rxa5 55. h5 e4 56. h6 Ra7 57. g4 fxg4+ 58. Kxg4 e3 59. Re8 Kg6
60. Rxe3 1/2-1/2

[Event "I Miedzynarodowy Memorial Ireny Warakomskiej - Open A"]
[Site "Suwalki"]
[Date "2017-08-16"]
[Round "7.17"]
[White "Molenda, Marcin"]
[Black "Szustakowski, Antoni "]
[Result "1/2-1/2"]
[WhiteTitle ""]
[BlackTitle ""]
[WhiteElo "2420"]
[BlackElo "2235"]

1. d4 Nf6 2. Nf3 e6 3. g3 c5 4. c4 cxd4 5. Bg2 e5 6. O-O Nc6 7. e3 dxe3 8. Bxe3
d6 9. Nc3 Be7 10. h3 O-O 11. Qe2 Be6 12. Rfd1 h6 13. Bc5 Qc8 14. Bxd6 Bxd6 15.
Rxd6 Bxh3 16. Nd5 Nxd5 17. cxd5 Bxg2 18. Kxg2 Qc7 19. Rxh6 gxh6 20. dxc6 Qxc6
21. Qxe5 Rfe8 22. Qf4 Re4 23. Qf5 Rae8 24. Rd1 Re2 25. Rd7 Qe6 26. Qxe6 R2xe6
27. Rxb7 Ra6 28. Nd4 Re5 29. a3 Rd6 30. f4 Red5 31. Nf3 Ra5 32. Ne5 Rb6 33. Rc7
Rxb2+ 34. Kh3 Rxa3 35. Nxf7 Rb6 36. Kh4 Ra1 37. Ne5 Rf6 38. Kh5 a5 39. Rc8+ Kg7
40. Rc7+ Kg8 41. Rc8+ Rf8 42. Rc6 Rh1+ 43. Kg6 Rh3 44. g4 Rxf4 45. Rc8+ Rf8 46.
Rc7 Rf4 1/2-1/2

[Event "I Miedzynarodowy Memorial Ireny Warakomskiej - Open A"]
[Site "Suwalki"]
[Date "2017-08-16"]
[Round "7.18"]
[White "Czerwonski, Aleksander "]
[Black "Stachanczyk, Jacek "]
[Result "1-0"]
[WhiteTitle ""]
[BlackTitle ""]
[WhiteElo "2392"]
[BlackElo "2209"]

1. d4 d5 2. c4 c6 3. Nf3 Nf6 4. Nc3 dxc4 5. a4 Bf5 6. Ne5 Nbd7 7. Nxc4 Qc7 8. g3
e5 9. dxe5 Nxe5 10. Bf4 Nfd7 11. Bg2 g5 12. Ne3 gxf4 13. Nxf5 O-O-O 14. Qc2 Bb4
15. O-O fxg3 16. hxg3 Nc5 17. Rfd1 Ne6 18. Na2 Be7 19. b4 Bf6 20. b5 cxb5 21.
Qb3 Nc6 22. Rxd8+ Rxd8 23. Rc1 bxa4 24. Qxa4 Ned4 25. Nxd4 Rxd4 26. Bxc6 bxc6
27. Nb4 Qd7 28. Rxc6+ Kb8 29. Qb5+ Ka8 30. Na6 Be5 31. Qxe5 Rd1+ 32. Kh2 Rh1+
33. Kxh1 Qxc6+ 34. Kg1 Qxa6 35. Qe8+ Kb7 36. Qxf7+ 1-0

[Event "I Miedzynarodowy Memorial Ireny Warakomskiej - Open A"]
[Site "Suwalki"]
[Date "2017-08-16"]
[Round "7.19"]
[White "Teclaf, Pawel"]
[Black "Czerw, Dawid "]
[Result "1/2-1/2"]
[WhiteTitle ""]
[BlackTitle ""]
[WhiteElo "2373"]
[BlackElo "2222"]

1. e4 c5 2. Nf3 Nc6 3. d4 cxd4 4. Nxd4 g6 5. Be2 Bg7 6. Nb3 Nf6 7. Nc3 O-O 8. O-O
d6 9. Re1 b6 10. Bf1 Bb7 11. Bg5 h6 12. Bh4 Rc8 13. Nd5 e6 14. Nxf6+ Bxf6 15.
Bxf6 Qxf6 16. c3 Rfd8 17. Qd2 g5 18. Nd4 Ne5 19. Qe3 d5 20. exd5 Rxd5 21. Qg3
a6 22. Be2 b5 23. Rf1 Qf4 24. Rfd1 Rcd8 25. a4 b4 26. a5 Qxg3 27. hxg3 bxc3 28.
bxc3 Rc5 29. Rab1 Be4 30. Ra1 Bb7 31. c4 Nxc4 32. Nxe6 Rxd1+ 33. Rxd1 fxe6 34.
Rd8+ Kg7 35. Rd7+ Kf6 36. Rxb7 Ne5 1/2-1/2

[Event "I Miedzynarodowy Memorial Ireny Warakomskiej - Open A"]
[Site "Suwalki"]
[Date "2017-08-16"]
[Round "7.20"]
[White "Kaczmarek, Aleksander"]
[Black "Walter, Szymon "]
[Result "1-0"]
[WhiteTitle ""]
[BlackTitle ""]
[WhiteElo "2368"]
[BlackElo "2194"]

1. e4 c5 2. b3 Nc6 3. Bb2 e5 4. Nc3 Nf6 5. Bc4 Nxe4 6. Nxe4 d5 7. Bd3 dxe4 8. Bxe4
Nd4 9. Qh5 Bd6 10. Nf3 g6 11. Qh6 Bf8 12. Qe3 Bg7 13. c3 Ne6 14. c4 Nd4 15. Nxd4
exd4 16. Qf3 O-O 17. O-O Rb8 18. Rae1 Qc7 19. Bd5 Bf5 20. d3 h5 21. Bc1 Be5 22.
h3 Kg7 23. Re2 Bd6 24. Rfe1 Qd7 25. Bg5 Rfe8 26. Rxe8 Rxe8 27. Rxe8 Qxe8 28. g4
Qe1+ 29. Kg2 hxg4 30. hxg4 Be6 31. Bf6+ Kf8 32. Qh3 Bxd5+ 1-0

[Event "I Miedzynarodowy Memorial Ireny Warakomskiej - Open A"]
[Site "Suwalki"]
[Date "2017-08-16"]
[Round "7.21"]
[White "Sowul, Bartosz "]
[Black "Zylka, Stanislaw "]
[Result "0-1"]
[WhiteTitle ""]
[BlackTitle ""]
[WhiteElo "2183"]
[BlackElo "2368"]

1. d4 Nf6 2. Bg5 d5 3. Bxf6 exf6 4. e3 Bd6 5. g3 O-O 6. Bg2 c6 7. Ne2 f5 8. O-O
Nd7 9. Qd3 Nf6 10. b3 b5 11. Nf4 g6 12. a4 b4 13. a5 Rb8 14. Nd2 Rb5 15. a6 Ra5
16. Rfd1 Bxa6 17. Qxa6 Rxa6 18. Rxa6 Qd7 19. Rda1 Rc8 20. Nf3 Ne4 21. Rxa7 Rc7
22. R7a6 g5 23. Nd3 f6 24. Nfe1 Kg7 25. R1a5 h6 26. Bf3 Kg6 27. Ra8 Qe6 28. R8a6
h5 29. Ng2 Nd2 30. Bd1 Qe4 31. Nde1 h4 32. gxh4 f4 33. Be2 Kg7 34. Bd3 Qe6 35.
exf4 Bxf4 36. Ra7 Bd6 37. Rxc7+ Bxc7 38. Ra7 Qd6 39. f4 gxf4 40. Kf2 c5 41. Nf3
c4 42. Nxd2 cxd3 43. cxd3 Qb6 44. Rxc7+ Qxc7 45. Ne1 Qc3 46. Nef3 Qxd3 47. Ke1
Kg6 48. Kf2 Qe3+ 49. Kf1 Kh5 50. h3 Kh6 51. Kg2 Qe2+ 52. Kg1 Kh5 53. Kh1 Qf2 0-1

[Event "I Miedzynarodowy Memorial Ireny Warakomskiej - Open A"]
[Site "Suwalki"]
[Date "2017-08-16"]
[Round "7.22"]
[White "Goluch, Piotr"]
[Black "Juhasz, Barbara"]
[Result "1/2-1/2"]
[WhiteTitle ""]
[BlackTitle ""]
[WhiteElo "2360"]
[BlackElo "2200"]

1. e4 c5 2. Nf3 e6 3. d4 cxd4 4. Nxd4 a6 5. Bd3 Bc5 6. Nb3 Be7 7. Qg4 g6 8. Qg3
d6 9. Nc3 Nd7 10. h4 Ngf6 11. Bh6 Rg8 12. O-O-O Qc7 13. Rhe1 b5 14. f4 b4 15.
Nd5 exd5 16. exd5 Bb7 17. Bg5 Bxd5 18. Qe3 Be6 19. Nd4 Nc5 20. f5 gxf5 21. Bxf5
Rc8 22. Kb1 Qd7 23. Qf3 Rf8 24. Bh3 Ng8 25. Nf5 Qc6 26. Ng7+ Kd7 27. Qe3 Bxg5
28. hxg5 Kc7 29. Rd4 a5 30. Red1 Rcd8 31. c3 b3 32. Bxe6 fxe6 33. Nxe6+ Nxe6 34.
Qxe6 bxa2+ 35. Qxa2 Rf5 36. Rc4 Rc5 37. Rxc5 Qxc5 38. Qf7+ Kb6 39. Rd5 Qe3 40.
c4 Qe4+ 41. Ka1 Ne7 42. Rb5+ Kc6 43. Qf1 Ra8 44. Qf2 Kd7 45. Qd2 Rc8 46. Rb6 Rc6
47. Rb7+ Ke8 48. Qc3 Qe5 49. Qh3 Qe1+ 50. Ka2 Qe4 51. Rb8+ Kf7 52. Qh5+ Ke6 53.
Qh3+ Qf5 54. Qe3+ Qe5 55. Qh3+ Qf5 56. Qe3+ Qe5 57. Qh3+ Qf5 1/2-1/2

[Event "I Miedzynarodowy Memorial Ireny Warakomskiej - Open A"]
[Site "Suwalki"]
[Date "2017-08-16"]
[Round "7.23"]
[White "Chomczyk, Marek"]
[Black "Kulon, Klaudia "]
[Result "1/2-1/2"]
[WhiteTitle ""]
[BlackTitle ""]
[WhiteElo "2138"]
[BlackElo "2359"]

1. e4 e5 2. Nf3 Nc6 3. Bc4 Nf6 4. d3 h6 5. c3 d6 6. Nbd2 g6 7. O-O Bg7 8. Re1 O-O
9. Bb3 Na5 10. Bc2 c5 11. b4 Nc6 12. b5 Ne7 13. d4 Qc7 14. dxe5 dxe5 15. Nc4 Rd8
16. Qe2 Nh5 17. g3 Be6 18. a4 b6 19. Ba3 Nf6 20. Nfd2 a6 21. Ne3 axb5 22. axb5
Qd7 23. Red1 Bh3 24. c4 Ng4 25. Ndf1 Bxf1 26. Nxf1 Qe6 27. Rxd8+ Rxd8 28. Bb2
h5 29. Rd1 Rxd1 30. Bxd1 f5 31. exf5 Nxf5 32. Qe4 Ngh6 33. Bf3 Kh7 34. Nd2 Nf7
35. Qd5 Qe7 36. Ne4 Nd4 37. Bxd4 exd4 38. Qxf7 Qxf7 39. Ng5+ Kg8 40. Nxf7 Kxf7
1/2-1/2

[Event "I Miedzynarodowy Memorial Ireny Warakomskiej - Open A"]
[Site "Suwalki"]
[Date "2017-08-16"]
[Round "7.24"]
[White "Bukojemski, Adam "]
[Black "Lewtak, Damian "]
[Result "1/2-1/2"]
[WhiteTitle ""]
[BlackTitle ""]
[WhiteElo "2183"]
[BlackElo "2344"]

1. e4 c5 2. Nf3 Nf6 3. Nc3 Nc6 4. d4 d5 5. exd5 Nxd5 6. dxc5 Nxc3 7. Qxd8+ Kxd8
8. bxc3 f6 9. Be3 e5 10. Nd2 Kc7 11. f4 Bg4 12. h3 Re8 13. Kf2 Bd7 14. fxe5 fxe5
15. Ne4 Be6 16. Bd3 Be7 17. Ng5 Rhf8+ 18. Kg3 Bxg5 19. Bxg5 h6 20. Be3 Ne7 21.
Rhe1 Bf5 22. Rad1 g5 23. Bc1 e4 24. Bb5 Rd8 25. Rd6 a6 26. Bc4 Bd7 27. Kh2 Nf5
28. Rg6 Bc6 29. h4 Nxh4 30. Rxh6 Rf2 31. Re2 Rf5 32. Be3 Rd1 33. Rh5 Rff1 34.
Rxg5 Nf5 35. g4 Nxe3 36. Rxe3 Rf2+ 37. Kg3 Rxc2 38. Rg7+ Kb8 39. g5 Rg1+ 40. Kf4
Rf2+ 41. Ke5 Rf3 42. Rxf3 exf3 43. g6 f2 1/2-1/2

[Event "I Miedzynarodowy Memorial Ireny Warakomskiej - Open A"]
[Site "Suwalki"]
[Date "2017-08-16"]
[Round "7.25"]
[White "Paszewski, Mateusz "]
[Black "Czajkowski, Adam "]
[Result "0-1"]
[WhiteTitle ""]
[BlackTitle ""]
[WhiteElo "2321"]
[BlackElo "2223"]

1. c4 Nf6 2. g3 g6 3. Bg2 Bg7 4. Nc3 O-O 5. e4 e5 6. Nge2 d6 7. O-O Nc6 8. d3 Nd4
9. Nxd4 exd4 10. Ne2 c5 11. h3 Rb8 12. f4 b5 13. b3 Ne8 14. f5 Be5 15. Bh6 Ng7
16. Qd2 f6 17. h4 bxc4 18. bxc4 gxf5 19. Bxg7 Kxg7 20. exf5 Bb7 21. Nf4 Bxf4 22.
Rxf4 d5 23. Rb1 Rf7 24. cxd5 Rc8 25. Re1 Bxd5 26. Bxd5 Qxd5 27. Qf2 Rd8 28. Rfe4
c4 29. dxc4 Qxc4 30. Qf4 Qb5 31. h5 d3 32. h6+ Kf8 33. a4 Qb6+ 34. Kh2 d2 35.
Rd1 Qb2 36. Rb4 Qc2 37. Rb8 Rfd7 38. Qb4+ Ke8 39. Qg4 Rxb8 40. Qg8+ Ke7 41. Qxb8
Qxa4 42. Qg8 Qxd1 43. Qe6+ Kd8 44. Qxf6+ Kc7 45. Qc3+ Kb6 46. Qb4+ Ka6 47. Qc4+
Ka5 48. Qc5+ Ka4 49. Qc4+ Ka3 50. Qc5+ Kb2 51. Qe5+ Kc2 52. Qc5+ Kd3 53. Qb5+
Ke3 54. Qe5+ Kf2 55. Qc5+ Ke1 56. Qg1+ Ke2 57. Qg2+ Ke3 0-1

[Event "I Miedzynarodowy Memorial Ireny Warakomskiej - Open A"]
[Site "Suwalki"]
[Date "2017-08-16"]
[Round "7.26"]
[White "Wisniewski, Michal "]
[Black "Bartel, Marta"]
[Result "1-0"]
[WhiteTitle ""]
[BlackTitle ""]
[WhiteElo "2180"]
[BlackElo "2313"]

1. e4 c5 2. Nf3 Nc6 3. Bb5 g6 4. Bxc6 bxc6 5. O-O Bg7 6. d4 cxd4 7. Nxd4 Nf6 8.
Nc3 Qc7 9. Re1 e5 10. Nf3 O-O 11. b3 Re8 12. Bb2 Bb7 13. Na4 Rad8 14. c4 d6 15.
Qc2 Nh5 16. Rad1 Bc8 17. b4 Bg4 18. Qb3 Nf4 19. h3 Be6 20. Ng5 Bc8 21. c5 d5 22.
exd5 cxd5 23. b5 h6 24. b6 Qb8 25. Nf3 d4 26. Qb5 axb6 27. Rxd4 Bf5 28. Rxd8 Rxd8
29. Bxe5 Bxe5 30. Nxe5 bxc5 31. Qc4 Ne6 32. Nc6 Qc7 33. Nxd8 Qxd8 34. Nxc5 Qd2
35. Rf1 Nxc5 36. Qxc5 Qxa2 37. Qe5 Qe6 38. Qxe6 Bxe6 39. Kh2 h5 40. Kg3 Kg7 41.
Ra1 Bd5 42. Ra5 Bc4 43. h4 Be6 44. Kf4 Bc4 45. Kg5 Be6 46. Ra4 Bb3 47. Rf4 Be6
48. Rf6 Bc4 49. Rb6 Bd5 50. g3 Bc4 51. Kf4 Bd5 52. Ke5 Bc4 53. Kd6 Be6 54. Ke7
Bd5 55. Rf6 Bc4 56. f4 Bb3 57. f5 gxf5 58. Rxf5 Kg6 59. Rg5+ Kh6 60. Kf6 1-0

[Event "I Miedzynarodowy Memorial Ireny Warakomskiej - Open A"]
[Site "Suwalki"]
[Date "2017-08-16"]
[Round "7.27"]
[White "Bednarek, Sylwester"]
[Black "Zielinski, Wojciech"]
[Result "1-0"]
[WhiteTitle ""]
[BlackTitle ""]
[WhiteElo "2308"]
[BlackElo "2105"]

1. d4 e6 2. e4 d5 3. e5 c5 4. c3 Nc6 5. Nf3 f6 6. Bd3 Bd7 7. O-O Qc7 8. Re1 c4
9. Bf1 f5 10. b3 Na5 11. Nfd2 b5 12. a4 Rb8 13. axb5 cxb3 14. Nxb3 Nc4 15. Na3
Bxb5 16. Nxb5 Rxb5 17. Ra4 Ne7 18. Nd2 Kf7 19. Qh5+ g6 20. Qh4 Bg7 21. Nxc4 dxc4
22. Bh6 Rf8 23. Bxc4 Rb6 24. Rea1 a5 25. Bf1 Ng8 26. Bxg7 Kxg7 27. Rxa5 Rf7 28.
c4 h6 29. Ra6 g5 30. Qh5 Ne7 31. c5 Rxa6 32. Rxa6 Qc8 33. Ra7 Qb8 34. Ra6 Qc8
35. Rd6 Nd5 36. Ba6 Ra7 37. Qe2 Qb8 38. g3 Nc3 39. Qc2 Qb4 40. Rxe6 Ne4 41. Qd1
g4 42. Rb6 Qa3 43. Rb7+ Rxb7 44. Bxb7 Nc3 45. Qe1 Qb2 46. Bg2 f4 47. gxf4 Ne2+
48. Kh1 Nxf4 49. e6 Nd3 50. Qf1 Qxd4 51. Kg1 Nxc5 52. Qe2 Nd3 53. e7 Nxf2 54.
Kf1 Nh3 55. Bxh3 Qf4+ 56. Kg1 Qd4+ 57. Kh1 Qa1+ 58. Bf1 Qa8+ 59. Kg1 Qa7+ 60.
Kg2 Qa8+ 61. Kg3 Kf7 62. Qc4+ Kxe7 63. Qc7+ Kf6 64. Qd6+ Kg7 65. Qe7+ Kh8 66.
Qf6+ Kh7 67. Bd3+ Kg8 68. Qg6+ Kf8 69. Qxh6+ Ke7 70. Qg7+ Kd6 71. Qd4+ Ke7 72.
Qe5+ Kf7 73. Bc4+ Kg6 74. Qe6+ Kh7 75. Qf7+ Kh8 76. Qh5+ Kg7 77. Qg5+ Kh7 78.
Bd3+ 1-0

[Event "I Miedzynarodowy Memorial Ireny Warakomskiej - Open A"]
[Site "Suwalki"]
[Date "2017-08-16"]
[Round "7.28"]
[White "Smolka, Marcin "]
[Black "Nowak, Lukasz"]
[Result "1/2-1/2"]
[WhiteTitle ""]
[BlackTitle ""]
[WhiteElo "2133"]
[BlackElo "2307"]

1. e4 e6 2. Nf3 d5 3. e5 c5 4. b4 cxb4 5. a3 bxa3 6. Bxa3 Bxa3 7. Nxa3 Bd7 8. d4
Qa5+ 9. Qd2 Qxd2+ 10. Kxd2 Ne7 11. Bd3 O-O 12. Rhb1 b6 13. Nb5 Bxb5 14. Bxb5 Nbc6
15. Ba6 Rad8 16. c3 Rd7 17. Re1 Na5 18. Kd3 Nec6 19. Nd2 Nb8 20. Bb5 Rc7 21. Reb1
Rfc8 22. Ra3 a6 23. Bxa6 Nxa6 24. Rxb6 Nc4 25. Rbxa6 Nxa3 26. Rxa3 g5 27. g3 Kg7
28. f4 gxf4 29. gxf4 Kg6 30. Nf1 Kf5 31. Ng3+ Kxf4 32. Ne2+ Kf3 33. Ra1 Kg2 34.
Rg1+ Kxh2 35. Rg5 Kh3 36. Ke3 Rxc3+ 37. Nxc3 Rxc3+ 38. Kd2 Rc4 39. Kd3 Kh4 40.
Rg7 h5 41. Rxf7 Ra4 42. Rf6 Ra6 43. Rg6 Kh3 44. Ke3 h4 45. Kf2 Rb6 46. Kf1 Rb4
47. Rxe6 Rxd4 48. Rd6 Rf4+ 49. Kg1 d4 50. e6 Kg3 51. e7 Re4 52. Kf1 h3 53. Rxd4
Rxe7 54. Rd3+ Kh2 55. Rf3 Rg7 56. Kf2 Rg2+ 57. Kf1 Rg1+ 58. Kf2 Ra1 59. Rf8 Ra2+
60. Kf1 Kg3 61. Rg8+ Kf3 62. Rf8+ Kg4 63. Rg8+ Kf5 64. Rf8+ Kg6 65. Kg1 1/2-1/2